Normal view
MARC view
- Jones, Phyllis M .
Entry Personal Name
001 - CONTROL NUMBER
- control field: 1819
003 - CONTROL NUMBER IDENTIFIER
- control field: OSt
005 - DATE AND TIME OF LATEST TRANSACTION
- control field: 20161017102546.0
008 - FIXED-LENGTH DATA ELEMENTS
- fixed length control field: 161017|| aca||aabn | a|a d
040 ## - CATALOGING SOURCE
- Original cataloging agency: OSt
- Transcribing agency: OSt
100 ## - HEADING--PERSONAL NAME
- Personal name: Jones, Phyllis M .
670 ## - SOURCE DATA FOUND
- Source citation: Work cat.: (OSt)12655: Jones, Phyllis M ., Modern English Short Stories / , 1963.
